New Jersey Counties by Population - Statistics

General Stats
  • This quiz has been taken 247 times
  • The average score is 15 of 21
Answer Stats
Population County % Correct
938,506 Bergen
95%
840,900 Middlesex
86%
797,434 Essex
84%
588,721 Ocean
79%
628,715 Monmouth
78%
674,836 Hudson
77%
555,786 Union
72%
510,923 Camden
71%
64,180 Salem
70%
94,727 Cape May
69%
371,398 Mercer
68%
499,509 Morris
66%
510,916 Passaic
66%
106,869 Warren
64%
450,226 Burlington
63%
143,673 Sussex
63%
274,219 Atlantic
61%
125,488 Hunterdon
59%
333,654 Somerset
58%
291,479 Gloucester
57%
155,854 Cumberland
55%
No matching quizzes found
Score Distribution
Percent of People with Each Score
Percentile by Number Answered
Your Score History
You have not taken this quiz